Micropropagation of Tarenaya rosea (Cleomaceae) from leaf explants (Registro n. 337772)
[ somente texto ]
| 000 -LÍDER | |
|---|---|
| fixed length control field | 04277nab a2200289 i 4500 |
| 003 - CÓDIGO MARC DA AGÊNCIA CATALOGADORA | |
| Campo de controle | BR-BrBNA |
| 005 - DATA E HORA DA ÚLTIMA ATUALIZAÇÃO | |
| Campo de controle | 20250825105539.0 |
| 008 - CAMPO DE TAMANHO FIXO | |
| fixed length control field | 250825b2021 bl.ar|pooa||| 00| 0 eng | |
| 040 ## - FONTE DA CATALOGAÇÃO | |
| Agência catalogadora | BR-BrBNA |
| Idioma da catalogação | eng |
| 072 ## - CATEGORIA AGRIS | |
| Código AGRIS | F02 |
| 100 ## - ENTRADA PRINCIPAL - NOME PESSOAL | |
| Nome pessoal | Simões-Gurgel, Claudia |
| 100 ## - ENTRADA PRINCIPAL - NOME PESSOAL | |
| Nome pessoal | Castro, Tatiana Carvalho de |
| 100 ## - ENTRADA PRINCIPAL - NOME PESSOAL | |
| Nome pessoal | Callado, Cátia Henriques |
| 100 ## - ENTRADA PRINCIPAL - NOME PESSOAL | |
| Nome pessoal | Cordeiro, Lívia da Silva |
| 100 ## - ENTRADA PRINCIPAL - NOME PESSOAL | |
| Nome pessoal | Albarello, Norma |
| 245 ## - TÍTULO PRINCIPAL | |
| Título principal | Micropropagation of Tarenaya rosea (Cleomaceae) from leaf explants |
| 500 ## - NOTA GERAL | |
| Nota geral | Publicação on-line; Bibliography p. 10-13 (58 ref.); 2 tables; 2 illus.; Summaries (En, Pt) |
| 942 ## - ADDED ENTRY ELEMENTS (KOHA) | |
| Koha item type | Analítica |
| 520 ## - NOTA DE RESUMO | |
| Nota de conteúdo | <br/><br/>Abstract<br/><br/>In vitro culture techniques are recognized as efficient strategies for large-scale plant production, as well as<br/>providing alternatives for plant conservation. In this study the micropropagation of Tarenaya rosea was <br/>established using petiole and foliar blade segments cultivated on MS medium with 6-benzyladenine (BA) and/<br/>or 6-furfurylaminopurine (KIN). The regeneration rate from explants was evaluated after 30-days in culture, as<br/>well as the proliferation rate from explant-derived shoots, reached after four subcultures performed at 30-days<br/>in culture. In vitro propagation occurred by both direct (DO) and indirect (IO) organogenesis. The highest<br/>regeneration rates by DO (50% to 100%) were reached on media containing only BA, while morphogenic<br/>calluses (IO) were mainly formed with BA+KIN. Explants on media with BA showed the presence of small<br/>black nodules on their surface, and histological analysis revealed the presence of trichomes with anthocyanin<br/>content. Elongation and rooting were reached on growth regulator-free MS. Acclimatization rates around<br/>80% were achieved and the in vitro-regenerated plants were successfully maintained under field conditions.<br/>Results show significant morphogenetic potential of T. rosea from leaf explants, mainly when cultivated in<br/>the presence of 4.4 µM BA, providing a new alternative source of plant material for biotechnological and in<br/>vitro conservation studies.<br/><br/>Key words: anthocyanin, Cleome rosea, cytokinins, organogenesis.<br/><br/><br/><br/><br/><br/>Resumo<br/><br/>As técnicas de cultura in vitro são reconhecidas como eficientes estratégias para a produção de plantas em<br/>grande escala, oferecendo também alternativas para a conservação vegetal. Neste trabalho foi estabelecida a<br/>micropropagação de Tarenaya rosea utilizando explantes de pecíolo e lâmina foliar cultivados em meio MS<br/>contendo 6-benziladenina (BA) e/ou 6-furfurilaminopurina (KIN). Foram avaliadas a taxa de regeneração<br/>de brotos obtidos diretamente a partir dos explantes foliares, após 30 dias de cultivo, e a taxa de proliferação<br/>após quatro subculturas realizadas a intervalos de 30 dias. A propagação ocorreu tanto por organogênese<br/>direta (OD) como indireta (OI). As maiores taxas de regeneração por OD (50% a 100%) foram alcançadas na<br/>presença de BA, enquanto que calos morfogênicos (OI) foram formados principalmente em BA+KIN. Explantes<br/>cultivados em meio com BA apresentaram a formação de pequenos nódulos enegrecidos na superfície e as<br/>análises histológicas revelaram a presença de tricomas glandulares contendo antocianina. O alongamento e<br/>o enraizamento dos brotos foram obtidos em meio MS sem suplementação com reguladores de crescimento.<br/>As plantas transferidas para condições ex vitro foram aclimatizadas com sucesso, alcançando taxas de 80%<br/>de sobrevivência. Os resultados demonstraram o expressivo potencial morfogenético dos explantes foliares<br/>de T. rosea, principalmente quando cultivados na presença de 4,4 µM de BA, constituindo nova fonte de<br/>material para estudos biotecnológicos e de conservação in vitro.<br/><br/>Palavras-chave: antocianinas, Cleome rosea, citocininas, organogênese. |
| 650 ## - ASSUNTO - THESAGRO | |
| Cabeçalho tópico ou nome geográfico | ANTOCIANINA |
| 650 ## - ASSUNTO - THESAGRO | |
| Cabeçalho tópico ou nome geográfico | CITOCININA |
| 650 ## - ASSUNTO - THESAGRO | |
| Cabeçalho tópico ou nome geográfico | ORGANOGÊNESE |
| 650 ## - ASSUNTO - THESAGRO | |
| Cabeçalho tópico ou nome geográfico | MICROPROPAGAÇÃO |
| 773 0# - ENTRADA ANALÍTICA | |
| Host Biblionumber | 709 |
| Registro do item | 357347 |
| Imprenta | Rio de Janeiro-RJ Jardim Botanico do Rio de Janeiro 1935 |
| Outro identificador | 2025-5311 |
| Título | Rodriguésia (Brazil) |
| ISSN | 0370-6583; 2175-7860 on-line |
| Colação | v. 72 p. 1-13; (2021) |
| Número de controle de registro | BR2025001758 |
| 856 ## - ACESSO E ENDEREÇO ELETRÔNICO | |
| Identificador uniforme de recurso - URI | https://www.scielo.br/j/rod/a/LDWfKMKqHQLMmVXr7FctTvw/?format=pdf&lang=en |
Nenhum exemplar disponível.

BINAGRI